[Event "Bled op"]
[Site "Bled"]
[Date "1999.03.23"]
[Round "4"]
[White "Susnik, Matej"]
[Black "Krstic, Uros"]
[Result "0-1"]
[WhiteElo "2222"]
[BlackElo "2332"]
[PlyCount "72"]
[EventDate "1999.03.20"]
[Source "ChessBase"]
[SourceDate "1999.05.10"]

1. e4 e5 2. f4 exf4 3. Nf3 Ne7 4. d4 d5 5. Nc3 dxe4 6. Nxe4 Nd5 7. Bd3 Be7 8. O-O O-O 9. c4 Ne3 10. Bxe3 fxe3 11. Bc2 f5 12. Ng3 g6 13. Qd3 Nc6 14. a3 Bf6 15. Rad1 f4 16. Ne2 Bg7 17. b4 a6 18. Qb3 Kh8 19. Be4 Bg4 20. h3 Bh5 21. d5 Ne5 22. Rde1 Qe7 23. Nfd4 Nxc4 24. Qd3 Nd2 25. Rxf4 Bxe2 26. Nxe2 Rxf4 27. Nxf4 Qxe4 28. Qxe4 Nxe4 29. Ne6 Bh6 30. g4 Ng5 31. Rxe3 Nxe6 32. Rxe6 Rd8 33. Re7 Bf4 34. Re4 g5 35. h4 h6 36. hxg5 hxg5 0-1

[Event "Chigorin mem"]
[Site "St Petersburg"]
[Date "1998.11.04"]
[Round "5"]
[White "Chehlov, Aleksander"]
[Black "Afonin, Alexey"]
[Result "0-1"]
[WhiteElo "2315"]
[BlackElo "2235"]
[PlyCount "104"]
[EventDate "1998.10.31"]
[Source "ChessBase"]
[SourceDate "1999.01.01"]

1. e4 e5 2. f4 exf4 3. Nf3 Ne7 4. d4 d5 5. Nc3 dxe4 6. Nxe4 Nd5 7. Bd3 Be7 8. c4 Ne3 9. Bxe3 fxe3 10. O-O O-O 11. Qe2 f5 12. Nc3 Bg5 13. c5 Bh6 14. Bc4+ Kh8 15. Ne5 Nc6 16. Nf7+ Rxf7 17. Bxf7 Qxd4 18. Rad1 Qxc5 19. Kh1 Qe7 20. Qc4 f4 21. Bh5 Be6 22. Qe4 Rf8 23. Bf3 Re8 24. Qa4 Qf7 25. b3 Bd7 26. Ne2 Ne5 27. Qd4 Bb5 28. Bd5 Qe7 29. Bc4 Nxc4 30. bxc4 Bc6 31. Qxa7 Qg5 32. Rf3 Qh5 33. Ng1 Bg5 34. Qc5 h6 35. Re1 Bxf3 36. Nxf3 Qg4 37. Qxc7 Bh4 38. Qf7 Re7 39. Qf8+ Kh7 40. h3 Qg3 41. Re2 Bf6 42. Qc8 Qg6 43. a4 Qd3 44. Ng1 Bh4 45. Qc5 Rd7 46. Qe5 Rd4 47. Qh5 Bf2 48. Nf3 Rd8 49. g3 Kg8 50. Qa5 Bxg3 51. Rg2 e2 52. Qc7 e1=Q+ 0-1

[Event "Corr"]
[Site "?"]
[Date "2000.??.??"]
[Round "?"]
[White "Marchisotti Mauro Massimo"]
[Black "Kim Sergei"]
[Result "1/2-1/2"]
[WhiteElo "2313"]
[BlackElo "2223"]
[PlyCount "49"]
[EventDate "2000.??.??"]
[Source "www.chesslib.no"]
[SourceDate "2004.05.04"]

1. e4 e5 2. f4 exf4 3. Nf3 Ne7 4. d4 d5 5. Nc3 dxe4 6. Nxe4 Nd5 7. Bc4 c6 8. O-O Be7 9. Ne5 Be6 10. Bxf4 O-O 11. Bxd5 Qxd5 12. Re1 Na6 13. c4 Qd8 14. Qd3 Nc7 15. Re2 f6 16. Nf3 Bf5 17. Bg3 Qd7 18. Qb3 Na6 19. a3 Rfe8 20. Rae1 Bg6 21. c5+ Bf7 22. Qc2 Nc7 23. Bxc7 Qxc7 24. b4 Qd7 25. Qd2 1/2-1/2

[Event "Groningen"]
[Site "?"]
[Date "2000.??.??"]
[Round "7"]
[White "Wortel Marten"]
[Black "Markus John Raymond"]
[Result "1-0"]
[WhiteElo "2296"]
[BlackElo "2238"]
[PlyCount "69"]
[EventDate "2000.??.??"]
[Source "www.chesslib.no"]
[SourceDate "2004.05.04"]

1. e4 e5 2. f4 exf4 3. Nf3 Ne7 4. d4 d5 5. Nc3 dxe4 6. Nxe4 Nd5 7. Bd3 Be7 8. c4 Ne3 9. Qe2 O-O 10. Bxe3 fxe3 11. O-O-O Nc6 12. Qxe3 Bg4 13. Bb1 Bxf3 14. gxf3 f5 15. Ng3 g6 16. d5 Re8 17. f4 Bd6 18. Qf2 Nb8 19. h4 Nd7 20. h5 Bc5 21. Qg2 Be3+ 22. Kc2 Qf6 23. hxg6 hxg6 24. Rh6 Nf8 25. Nh5 Qa6 26. b3 Kf7 27. Kb2 Bc5 28. Bxf5 Qa3+ 29. Kb1 Re3 30. Bxg6+ Nxg6 31. Qxg6+ Ke7 32. Qg7+ Kd8 33. Rh8+ Re8 34. Rxe8+ Kxe8 35. Nf6+ 1-0

[Event "Sibenik"]
[Site "?"]
[Date "2006.09.26"]
[Round "5.2"]
[White "Zelic Mladen"]
[Black "Ciganovic Nikola"]
[Result "1-0"]
[WhiteElo "2274"]
[BlackElo "2258"]
[PlyCount "109"]
[EventDate "2006.??.??"]
[Source "www.chesslib.no"]
[SourceDate "2004.05.04"]

1. e4 e5 2. f4 exf4 3. Nf3 Ne7 4. d4 d5 5. Nc3 dxe4 6. Nxe4 Nd5 7. Bc4 Be7 8. O-O O-O 9. Ne5 Be6 10. Bb3 Nd7 11. Nd3 N7f6 12. Nxf6+ Bxf6 13. c3 Ne3 14. Bxe3 Bxb3 15. Qxb3 fxe3 16. Rae1 Re8 17. Qxb7 e2 18. Rf2 c5 19. Nxc5 Rb8 20. Qf3 Rxb2 21. Ne4 Rxa2 22. Rfxe2 Rxe2 23. Rxe2 a5 24. h3 a4 25. Ra2 Qa5 26. Nxf6+ gxf6 27. Qc6 Re1+ 28. Kh2 a3 29. Qd6 Qg5 30. Rxa3 Re2 31. Ra8+ Kg7 32. Qf8+ Kg6 33. Qg8+ Kh6 34. Qxg5+ fxg5 35. d5 f5 36. c4 f4 37. d6 f3 38. Kg3 f2 39. Rf8 Rc2 40. Rxf2 Rxc4 41. Rd2 Rc3+ 42. Kf2 Rc8 43. Ke3 Kg6 44. Ke4 Kf6 45. Kd5 Rc1 46. Rf2+ Kg6 47. d7 Rd1+ 48. Ke6 Re1+ 49. Kd6 Rd1+ 50. Ke7 Re1+ 51. Kf8 Rd1 52. Rf7 h5 53. Ke8 g4 54. hxg4 hxg4 55. Re7 1-0

[Event "Athens"]
[Site "?"]
[Date "2006.08.20"]
[Round "8"]
[White "Sorokina Anastasia"]
[Black "Meenakshi Subbaraman"]
[Result "0-1"]
[WhiteElo "2221"]
[BlackElo "2310"]
[PlyCount "146"]
[EventDate "2006.??.??"]
[Source "www.chesslib.no"]
[SourceDate "2004.05.04"]

1. e4 e5 2. f4 exf4 3. Nf3 Ne7 4. Bc4 d5 5. exd5 Nxd5 6. O-O Be7 7. Qe2 Be6 8. Bxd5 Bxd5 9. Nc3 Nc6 10. d3 O-O 11. Nxd5 Qxd5 12. Bxf4 Rfe8 13. Qd2 Bf6 14. c3 Nd8 15. d4 Ne6 16. Be5 Bxe5 17. Nxe5 Nxd4 18. Qxd4 Rxe5 19. Rad1 Qxd4+ 20. Rxd4 Rae8 21. Rd7 R5e7 22. Rxe7 Rxe7 23. Rd1 f5 24. Kf2 Kf7 25. Rd8 g6 26. h4 a5 27. Kf3 b6 28. g3 Ke6 29. Rd2 Kf6 30. Rd8 Ke6 31. Rd2 Rd7 32. Re2+ Kd6 33. b3 Re7 34. Rd2+ Kc6 35. Rd3 Re4 36. Rd8 a4 37. Rh8 axb3 38. axb3 h5 39. Rg8 Rg4 40. Rg7 Kd6 41. Rg8 Kc5 42. Rf8 b5 43. Rf7 Kd6 44. Rg7 c6 45. Rg8 Kd5 46. Rf8 b4 47. cxb4 Rxb4 48. Rd8+ Ke5 49. Rd3 Rg4 50. Rd8 Rb4 51. Rd3 c5 52. Rc3 Kd5 53. Re3 Rd4 54. Kg2 f4 55. gxf4 Rxf4 56. Kg3 Rg4+ 57. Kh3 Kd4 58. Re8 g5 59. hxg5 Rxg5 60. Kh4 Re5 61. Rb8 Kc3 62. Rb5 Rd5 63. Rb8 Rd4+ 64. Kxh5 Rb4 65. Rc8 Rb5 66. Kg4 Kxb3 67. Kf3 c4 68. Ke4 c3 69. Kd4 c2 70. Kd3 Rd5+ 71. Ke2 Rd1 72. Rb8+ Ka4 73. Ra8+ Kb5 0-1

[Event "SLO-chT"]
[Site "Bled"]
[Date "1996.??.??"]
[Round "6"]
[White "Susnik, Matej"]
[Black "Kos, Toni"]
[Result "0-1"]
[WhiteElo "2235"]
[BlackElo "2295"]
[PlyCount "78"]
[EventDate "1996.??.??"]
[Source "ChessBase"]

1. e4 e5 2. f4 exf4 3. Nf3 Ne7 4. d4 d5 5. e5 Ng6 6. Bd3 Be7 7. O-O O-O 8. Nc3 Be6 9. Ne2 c5 10. c3 Nc6 11. Nxf4 Nxf4 12. Bxf4 cxd4 13. cxd4 Qb6 14. Be3 Nb4 15. Bb1 Rfc8 16. Ng5 Bxg5 17. Bxg5 Rc4 18. Rf4 h6 19. Be7 Rac8 20. b3 Rc3 21. Bc5 R8xc5 22. dxc5 Qxc5+ 23. Kh1 g6 24. Rf1 d4 25. a3 Nc6 26. b4 Qxe5 27. Re1 Re3 28. Bd3 Ne7 29. Be2 Bd5 30. Bf3 Bxf3 31. gxf3 Nd5 32. Rc1 Nf4 33. Rxe3 Qxe3 34. Rc8+ Kg7 35. Rc4 Ne2 36. Qf1 Qd3 37. Rc1 Nxc1 38. Qxc1 Qxf3+ 39. Kg1 Qe3+ 0-1

[Event "CZE-chT1 9596"]
[Site "Czech Republic"]
[Date "1996.??.??"]
[Round "?"]
[White "Trefny, Vlastimil"]
[Black "Drbohlav, Frantisek"]
[Result "0-1"]
[WhiteElo "2325"]
[BlackElo "2170"]
[PlyCount "88"]
[EventDate "1995.??.??"]
[Source "www.chesslib.no"]
[SourceDate "2004.05.04"]

1. e4 e5 2. f4 exf4 3. Nf3 Ne7 4. Bc4 c6 5. d4 d5 6. exd5 cxd5 7. Bb5+ Bd7 8. Bxd7+ Nxd7 9. Bxf4 Ng6 10. Bg3 Nf6 11. Nc3 Bb4 12. Qe2+ Qe7 13. Ne5 Bxc3+ 14. bxc3 O-O 15. Nxg6 Qxe2+ 16. Kxe2 hxg6 17. Rab1 b6 18. Kd3 Rac8 19. Rb4 Rc6 20. Rhb1 Rfc8 21. R1b3 Ne4 22. Be1 Nd6 23. Bg3 Nc4 24. a4 Re8 25. Bf4 Rce6 26. Rxc4 dxc4+ 27. Kxc4 Re2 28. a5 bxa5 29. Kb5 Rxc2 30. d5 a4 31. Ra3 Re4 32. Bc7 Kf8 33. Kc6 Rc4+ 34. Kd7 R2xc3 35. Bd8 Rxa3 36. Be7+ Kg8 37. Bxa3 Rc3 38. Bb2 Rd3 39. d6 a3 40. Ba1 Kf8 41. Kc7 Ke8 42. Bxg7 a2 43. h4 Rd5 44. Kc6 Rd1 0-1

[Event "Fouesnant"]
[Site "?"]
[Date "2001.10.30"]
[Round "5"]
[White "Luco Alain"]
[Black "Colin Vincent"]
[Result "0-1"]
[WhiteElo "2161"]
[BlackElo "2330"]
[PlyCount "78"]
[EventDate "2001.??.??"]
[Source "www.chesslib.no"]
[SourceDate "2004.05.04"]

1. e4 e5 2. f4 exf4 3. Nf3 Ne7 4. Bc4 d5 5. exd5 Nxd5 6. O-O Be7 7. d4 O-O 8. Bxd5 Qxd5 9. Bxf4 c6 10. Re1 Be6 11. Nc3 Qf5 12. Qd2 Nd7 13. Ne2 Rad8 14. Ng3 Qd5 15. b3 b5 16. Rac1 b4 17. c4 bxc3 18. Qxc3 c5 19. dxc5 Qxc5+ 20. Qxc5 Nxc5 21. Ne5 Nd3 22. Nxd3 Rxd3 23. Ne4 Rd5 24. Be3 Bb4 25. Bc5 Bxe1 26. Bxf8 Ba5 27. Bc5 Re5 28. b4 Bxb4 29. Bxb4 Rxe4 30. a3 Re2 31. Rd1 h6 32. Rd2 Re1+ 33. Kf2 Ra1 34. h4 Kh7 35. g3 Kg6 36. Bf8 Rc1 37. Kf3 h5 38. Bd6 f6 39. Rd3 Rc2 0-1

[Event "Zalakaros op 19th"]
[Site "?"]
[Date "2000.05.22"]
[Round "4"]
[White "Balint Vilmos"]
[Black "Frosch Erich"]
[Result "0-1"]
[WhiteElo "2174"]
[BlackElo "2314"]
[PlyCount "70"]
[EventDate "2000.??.??"]
[Source "www.chesslib.no"]
[SourceDate "2004.05.04"]

1. e4 e5 2. f4 exf4 3. Nf3 Ne7 4. b3 Ng6 5. Bc4 Nc6 6. Bb2 d6 7. d4 Be7 8. O-O O-O 9. Nc3 a6 10. Ne2 Rb8 11. Qd2 b5 12. Bd3 Bg4 13. c4 Bxf3 14. Rxf3 Bg5 15. cxb5 axb5 16. Qc3 Nce7 17. Raf1 c5 18. Bc1 cxd4 19. Qxd4 Nc6 20. Qc3 Nce5 21. Rh3 Rc8 22. Qd2 h6 23. Qd1 f3 24. gxf3 Bxc1 25. Nxc1 Qb6+ 26. Kh1 Rxc1 27. Qxc1 Nxd3 28. Qd2 Ndf4 29. Rg3 Rc8 30. Rd1 Rc6 31. Rg4 Nh3 32. Kg2 Ng5 33. h4 Qc7 34. hxg5 Rc2 35. gxh6 Qc3 0-1

[Event "Lvov (Women)"]
[Site "?"]
[Date "1999.??.??"]
[Round "?"]
[White "Sorokina Anastasia"]
[Black "Ruchieva Natalia"]
[Result "0-1"]
[WhiteElo "2181"]
[BlackElo "2305"]
[PlyCount "65"]
[EventDate "1999.??.??"]
[Source "www.chesslib.no"]
[SourceDate "2004.05.04"]

1. e4 e5 2. f4 exf4 3. Nf3 Ne7 4. d4 d5 5. e5 Ng6 6. h4 Be7 7. h5 Nh4 8. Bxf4 Bg4 9. Nbd2 Bxh5 10. Qe2 Nc6 11. c3 Nxf3+ 12. Nxf3 Bg6 13. O-O-O Qd7 14. g3 Qf5 15. Qd3 Qxd3 16. Bxd3 Bxd3 17. Rxd3 Nd8 18. Bg5 Ne6 19. Bxe7 Kxe7 20. Nh4 g6 21. Rf1 Raf8 22. Ng2 f6 23. exf6+ Rxf6 24. Re1 Kd6 25. Ne3 Rhf8 26. c4 dxc4 27. Nxc4+ Kd7 28. Rdd1 Ng5 29. Re5 Rf5 30. Ree1 Nf3 31. Rh1 h5 32. Rhf1 b5 33. Ne3 0-1

[Event "Bayernliga 2003/04_R5"]
[Site "?"]
[Date "2004.01.18"]
[Round "5.1"]
[White "Zill Christoph"]
[Black "Riedel Wolfgang"]
[Result "0-1"]
[WhiteElo "2215"]
[BlackElo "2267"]
[PlyCount "66"]
[EventDate "2004.??.??"]
[Source "www.chesslib.no"]
[SourceDate "2004.05.04"]

1. e4 e5 2. f4 exf4 3. Nf3 Ne7 4. d4 d5 5. Bd3 dxe4 6. Bxe4 Ng6 7. Qe2 Be7 8. Bxg6 hxg6 9. Bxf4 O-O 10. O-O Bf6 11. c3 c6 12. Nbd2 Bf5 13. Rae1 Be6 14. Ne4 Nd7 15. b3 b5 16. Nxf6+ Nxf6 17. Ne5 Bd5 18. Qd3 Qc8 19. c4 bxc4 20. bxc4 Be6 21. Qf3 Re8 22. Bg5 Nh7 23. Bc1 f6 24. Nxc6 Bxc4 25. Rxe8+ Qxe8 26. Ne7+ Kf7 27. Re1 Nf8 28. Qb7 Qb8 29. Qc6 Qb4 30. Kf2 Rd8 31. Nc8 Be6 32. Nxa7 Qxd4+ 33. Kf1 Bc4+ 0-1

[Event "Pardubice"]
[Site "?"]
[Date "2006.07.24"]
[Round "4"]
[White "Medunova Vera"]
[Black "Tuma Jiri"]
[Result "0-1"]
[WhiteElo "2172"]
[BlackElo "2310"]
[PlyCount "90"]
[EventDate "2006.??.??"]
[Source "www.chesslib.no"]
[SourceDate "2004.05.04"]

1. e4 e5 2. f4 exf4 3. Nf3 Ne7 4. d4 Ng6 5. Bc4 Be7 6. O-O O-O 7. Nc3 c6 8. Kh1 d6 9. Ne2 d5 10. Bd3 dxe4 11. Bxe4 Bd6 12. c4 Nd7 13. Bd2 Nf6 14. Bxg6 hxg6 15. Bxf4 Bf5 16. Ne5 Nh5 17. Bd2 Qh4 18. Be1 Qg5 19. Ng3 Nxg3+ 20. Bxg3 Rad8 21. Nf3 Qg4 22. Bxd6 Rxd6 23. c5 Rd5 24. Qb3 Be4 25. Rf2 Rf5 26. h3 Qg3 27. Raf1 Re8 28. Nd2 Bd3 29. Rf3 Rxf3 30. Rxf3 Qe1+ 31. Nf1 Bf5 32. Qxb7 Qe6 33. Ng3 Qd5 34. Nxf5 gxf5 35. Qxa7 Re1+ 36. Kh2 Qxd4 37. Qa8+ Kh7 38. Rxf5 Qg1+ 39. Kg3 Re3+ 40. Rf3 Re6 41. Qa3 Rg6+ 42. Kh4 Qxg2 43. Rg3 Rh6+ 44. Kg4 Qe4+ 45. Kg5 f6# 0-1

[Event "Karl Mala mem op"]
[Site "?"]
[Date "2003.07.25"]
[Round "3"]
[White "Ruecker Benjamin"]
[Black "Degenhardt Horst"]
[Result "1/2-1/2"]
[WhiteElo "2182"]
[BlackElo "2299"]
[PlyCount "61"]
[EventDate "2003.??.??"]
[Source "www.chesslib.no"]
[SourceDate "2004.05.04"]

1. e4 e5 2. f4 exf4 3. Nf3 Ne7 4. Bc4 c6 5. e5 Ng6 6. O-O d5 7. exd6 Qxd6 8. d4 Be7 9. Nc3 Bf5 10. Re1 O-O 11. Ne4 Bxe4 12. Rxe4 Nd7 13. c3 Bf6 14. Bd2 Nb6 15. Bb3 Rfe8 16. Qe2 Re7 17. Rxe7 Qxe7 18. Qf2 Qd7 19. Ne1 a5 20. a4 Nd5 21. Bxd5 Qxd5 22. Nd3 Re8 23. Nxf4 Nxf4 24. Bxf4 Qb3 25. Re1 Rxe1+ 26. Qxe1 h6 27. Qa1 Be7 28. h3 Bh4 29. Kh2 h5 30. Bc7 Bg5 31. Qe1 1/2-1/2

[Event "4NCL 0001 Div-2"]
[Site "Birmingham"]
[Date "2001.01.27"]
[Round "5.1"]
[White "Mason, Don"]
[Black "Toothill, John"]
[Result "1/2-1/2"]
[WhiteElo "2286"]
[BlackElo "2192"]
[PlyCount "37"]
[EventDate "2001.01.27"]
[Source "www.chesslib.no"]
[SourceDate "2004.05.04"]

1. e4 e5 2. f4 exf4 3. Nf3 Ne7 4. Bc4 d5 5. exd5 Nxd5 6. Bxd5 Qxd5 7. Nc3 Qh5 8. O-O Bd6 9. d4 O-O 10. Ne4 Bg4 11. Nxd6 cxd6 12. Bxf4 d5 13. Qd3 Nc6 14. c3 a6 15. Rae1 Rfe8 16. Ne5 Nxe5 17. dxe5 Rad8 18. Bg3 Qg6 19. Qxg6 1/2-1/2

[Event "M.022 IECG email"]
[Site "?"]
[Date "1997.??.??"]
[Round "?"]
[White "Malmstroem, Jan"]
[Black "Ang, Roberto Pe (PHI)"]
[Result "1/2-1/2"]
[WhiteElo "2230"]
[BlackElo "2215"]
[PlyCount "85"]
[EventDate "1997.??.??"]
[Source "www.chesslib.no"]
[SourceDate "2004.05.04"]

1. e4 e5 2. f4 exf4 3. Nf3 Ne7 4. d4 d5 5. Bd3 dxe4 6. Bxe4 Ng6 7. O-O Bd6 8. c4 c6 9. Nc3 O-O 10. c5 Be7 11. Ne2 b6 12. cxb6 axb6 13. Nxf4 Bd6 14. Nxg6 hxg6 15. Qc2 Qc7 16. Bd2 Bg4 17. h3 Bxf3 18. Rxf3 f5 19. Bd3 b5 20. a3 Qd7 21. Re1 Bc7 22. Qb3+ Kh7 23. Bc3 Qd6 24. g3 Na6 25. Re6 Qd7 26. Kg2 Rae8 27. Rxe8 Rxe8 28. a4 Rb8 29. Qc2 Qd5 30. g4 Qd6 31. Kh1 Qd5 32. Qg2 f4 33. Rf1 Qd6 34. Qe4 f3 35. Rf2 Rf8 36. axb5 cxb5 37. b4 Bb6 38. Bd2 Bxd4 39. Rxf3 Rxf3 40. Qxf3 Ba7 41. Qe4 Qb6 42. Qe1 Qd6 43. Qe4 1/2-1/2

[Event "Gudmundur Arason 5th"]
[Site "Hafnarfjordur"]
[Date "1999.12.16"]
[Round "5"]
[White "Westerinen, Heikki MJ"]
[Black "Olafsson, Thorvadur F"]
[Result "1-0"]
[WhiteElo "2382"]
[BlackElo "2059"]
[PlyCount "99"]
[EventDate "1999.12.12"]
[Source "ChessBase"]
[SourceDate "2000.01.11"]

1. e4 e5 2. f4 exf4 3. Nf3 Ne7 4. d4 d5 5. Nc3 dxe4 6. Nxe4 Nd5 7. Bd3 Be7 8. O-O Nd7 9. Qe2 O-O 10. c4 Ne3 11. Bxe3 fxe3 12. Qxe3 Nf6 13. Rae1 g6 14. Neg5 Bb4 15. Re2 Bg4 16. h3 Re8 17. Qf4 Rxe2 18. Bxe2 Bd6 19. Qe3 Bxf3 20. Qxf3 Be7 21. Qf4 Qd6 22. Qxd6 cxd6 23. Bf3 Rc8 24. b3 Rc7 25. Re1 h6 26. Ne4 Nxe4 27. Rxe4 Kf8 28. Kf2 b6 29. Ke3 Bf6 30. Kd3 Re7 31. Rxe7 Kxe7 32. Ke4 Bg5 33. Kd5 Be3 34. b4 Kd7 35. Bd1 Kc7 36. Ba4 f6 37. Be8 g5 38. Bg6 Bf2 39. Ke4 Kd7 40. Bf5+ Kc7 41. Bg4 Kd8 42. d5 Ke7 43. Kf5 Be1 44. b5 Kf7 45. Bh5+ Kg7 46. c5 bxc5 47. Ke6 Bg3 48. a4 c4 49. a5 c3 50. Bd1 1-0

[Event "Czech Rep CZE"]
[Site "?"]
[Date "2002.11.30"]
[Round "3"]
[White "Zatloukal Petr"]
[Black "Virostko Petr"]
[Result "0-1"]
[WhiteElo "2076"]
[BlackElo "2354"]
[PlyCount "86"]
[EventDate "2002.??.??"]
[Source "www.chesslib.no"]
[SourceDate "2004.05.04"]

1. e4 e5 2. f4 exf4 3. Nf3 Ne7 4. Bc4 d5 5. exd5 Nxd5 6. Bxd5 Qxd5 7. Nc3 Qd8 8. O-O Bd6 9. Re1+ Be6 10. d4 O-O 11. Ne4 Bd5 12. Qd3 Nc6 13. c3 Re8 14. Bd2 f6 15. Re2 Qd7 16. c4 Bf7 17. Rae1 Rad8 18. b3 Bf8 19. d5 Nb4 20. Qb1 c6 21. a3 Na6 22. dxc6 Qxc6 23. Qc1 Qb6+ 24. Kh1 Qxb3 25. Bxf4 Bxa3 26. Qa1 Bf8 27. Nd4 Qb6 28. Nf5 Nc5 29. Nh6+ gxh6 30. Nxf6+ Qxf6 31. Qxf6 Rxe2 32. Rf1 Be7 33. Qxh6 Re6 34. Qh3 Nd3 35. Bg3 Rg6 36. Qf5 Bxc4 37. Qe4 Nf2+ 38. Bxf2 Bxf1 39. Qxe7 Bxg2+ 40. Kg1 Bh3+ 41. Bg3 Rf8 42. Qe2 Rf1+ 43. Qxf1 Bxf1 0-1

[Event "Bled op"]
[Site "Bled"]
[Date "1999.03.28"]
[Round "9"]
[White "Susnik, Matej"]
[Black "Kolar, Srecko"]
[Result "1/2-1/2"]
[WhiteElo "2222"]
[BlackElo "2175"]
[PlyCount "117"]
[EventDate "1999.03.20"]
[Source "ChessBase"]
[SourceDate "1999.05.10"]

1. e4 e5 2. f4 exf4 3. Nf3 Ne7 4. d4 d5 5. e5 Ng6 6. Bd3 c5 7. c3 Nc6 8. O-O Be7 9. Bxg6 fxg6 10. Bxf4 O-O 11. Qd2 Bg4 12. Na3 Bxf3 13. Rxf3 cxd4 14. cxd4 Qb6 15. Be3 Rxf3 16. gxf3 Na5 17. Rf1 Rf8 18. Qc3 Bxa3 19. bxa3 Nc4 20. Bc1 Nxe5 21. Kg2 Nc4 22. Re1 Qf6 23. Qd3 g5 24. h3 h6 25. a4 Qd6 26. Qe2 Rd8 27. Qe7 Qd7 28. Re6 Qxe7 29. Rxe7 Rd6 30. Rxb7 Ra6 31. f4 Rxa4 32. a3 gxf4 33. Kf3 Ra6 34. Rd7 Nb6 35. Rd8+ Kf7 36. Kxf4 Ra4 37. Ke5 Rc4 38. Bd2 Rc6 39. Bb4 Re6+ 40. Kf5 g6+ 41. Kf4 Re4+ 42. Kf3 Rxd4 43. Rf8+ Ke6 44. Re8+ Kf5 45. Rf8+ Kg5 46. Rf7 Rd3+ 47. Kg2 Nc4 48. Rxa7 Ne3+ 49. Kh2 Rb3 50. Rb7 Kf5 51. Rf7+ Ke4 52. Rf6 d4 53. Rxg6 Rb2+ 54. Kg1 d3 55. Re6+ Kf3 56. Rf6+ Ke4 57. Re6+ Kf3 58. Rf6+ Ke4 59. Re6+ 1/2-1/2

[Event "SWE-ch U20"]
[Site "Skara"]
[Date "2002.07.08"]
[Round "7"]
[White "Nilsson, Sebastian"]
[Black "Andersson, Fredrik"]
[Result "1-0"]
[WhiteElo "2095"]
[BlackElo "2273"]
[PlyCount "41"]
[EventDate "2002.06.30"]
[Source "ChessBase"]
[SourceDate "2002.09.11"]

1. e4 e5 2. f4 exf4 3. Nf3 Ne7 4. d4 d5 5. exd5 Nxd5 6. Bc4 Be7 7. O-O O-O 8. Bxd5 Qxd5 9. Bxf4 c6 10. Nc3 Qh5 11. Qd2 Be6 12. Rae1 Nd7 13. Ne5 Nf6 14. Ne2 Nd5 15. Ng3 Qh4 16. Re4 Nxf4 17. Rexf4 Bg5 18. Rxh4 Bxd2 19. Nf5 f6 20. Ne7+ Kh8 21. N5g6# 1-0

[Event "Bled op 23rd"]
[Site "Bled"]
[Date "2002.07.07"]
[Round "6"]
[White "Susnik, Matej"]
[Black "Kukovec, Borut"]
[Result "0-1"]
[WhiteElo "2202"]
[BlackElo "2145"]
[PlyCount "60"]
[EventDate "2002.07.02"]
[Source "ChessBase"]
[SourceDate "2002.09.11"]

1. e4 e5 2. f4 exf4 3. Nf3 Ne7 4. d4 d5 5. e5 Ng6 6. c4 Be6 7. Qb3 Nc6 8. Nc3 dxc4 9. Qxb7 Nb4 10. Qe4 Qc8 11. d5 Bf5 12. Qxc4 Nc2+ 13. Kf2 Nxa1 14. Nb5 c6 15. dxc6 Qd8 16. c7 Qd7 17. Be2 a6 18. Rd1 axb5 19. Qxb5 Qxb5 20. Bxb5+ Ke7 21. Bd2 Nc2 22. Rc1 Ke6 23. Ne1 Bc5+ 24. Kf1 Ne3+ 25. Ke2 Nc2 26. Nxc2 Nxe5 27. Ne1 Bd6 28. Ba6 Rxa6 29. c8=Q+ Rxc8 30. Rxc8 Rxa2 0-1

[Event "Wuerttemberg candidate op"]
[Site "?"]
[Date "2002.08.30"]
[Round "7"]
[White "Hallmann Norbert"]
[Black "Gritsch Christoph"]
[Result "1/2-1/2"]
[WhiteElo "2129"]
[BlackElo "2201"]
[PlyCount "32"]
[EventDate "2002.??.??"]
[Source "www.chesslib.no"]
[SourceDate "2004.05.04"]

1. e4 e5 2. f4 exf4 3. Nf3 Ne7 4. Bc4 Ng6 5. d4 Bb4+ 6. c3 Be7 7. O-O O-O 8. Ne1 Bg5 9. Nd3 d6 10. Nxf4 Nxf4 11. Bxf4 Bxf4 12. Rxf4 Be6 13. Bxe6 fxe6 14. Rxf8+ Qxf8 15. Qb3 Qc8 16. Nd2 Nc6 1/2-1/2